000 00946nam a22002057a 4500
003 NALT
005 20251125233118.0
008 th tha d
040 _aNALT
041 _atha
090 _aKU 13.1
_bร399
245 0 0 _aร่างพระราชบัญญัติกองทุนยุติธรรม พ.ศ.... (ฉบับภาคประชาชน) พร้อมคำอธิบายรายมาตรา.
260 _aนนทบุรี :
_bสำนักงานปฏิรูป (สปร.),
_cม.ป.ป..
300 _a14 หน้า ;
_b
_c29 ซม.
650 4 _aกองทุนยุติธรรม
_932169
_xกฎหมายและระเบียบข้อบังคับ
850 _aNALT
856 4 0 _uhttps://hdl.handle.net/20.500.14156/514987
942 _cLB
_2local
999 _c72558
_d72558
998 _j104
_k นางสาวสายฝน ดีงาม